[Event "16. Obert Int. Sant Martí 2014 Grupo B"]
[Site "Barcelona ESP"]
[Date "2014.07.15"]
[Round "3.60"]
[White "Navarro Pastor, Raul"]
[Black "Sanz Ogaya, Mario"]
[Result "0-1"]
[WhiteElo "1868"]
[BlackElo "1700"]
[PlyCount "112"]
[EventDate "2014.07.13"]
[EventType "swiss"]
[EventRounds "9"]
[EventCountry "ESP"]
[Source "lmi"]
[SourceDate "2014.07.13"]

1. e4 c5 2. Nf3 Nc6 3. d4 cxd4 4. Nxd4 Nf6 5. Nc3 g6 6. Be3 Bg7 7. Bc4 Qa5 8.
O-O Qb4 9. Bb3 O-O 10. a3 Qa5 11. f3 d6 12. Qc1 Rd8 13. h3 Qh5 14. Qd2 Bd7 15.
Qf2 a6 16. Rad1 b5 17. Bd5 Rac8 18. Bxc6 Bxc6 19. Nxc6 Rxc6 20. f4 Rxc3 21.
bxc3 Nxe4 22. Qf3 Qxf3 23. Rxf3 Bxc3 24. Bd4 Bxd4+ 25. Rxd4 d5 26. Rfd3 Nf6 27.
a4 Rc8 28. axb5 axb5 29. c3 Rc4 30. Rxc4 bxc4 31. Rd1 e6 32. Kf1 Ne4 33. Rc1
Kg7 34. Ke2 h6 35. Ke3 g5 36. fxg5 hxg5 37. Kd4 Kg6 38. Rf1 f6 39. g4 Nd2 40.
Rf2 Nb3+ 41. Ke3 Kf7 42. Ra2 Nc5 43. Kd4 Nd7 44. Ra7 Ke7 45. Ra6 Nb8 46. Rb6
Nd7 47. Ra6 Ne5 48. Ke3 Ng6 49. Kf3 Nf4 50. Kg3 Ne2+ 51. Kf3 Nxc3 52. Ke3 Ne4
53. Rc6 Kd7 54. Rb6 c3 55. Kd3 Kc7 56. Rb4 Kd6 0-1

[Event "16. Obert Int. Sant Martí 2014 Grupo B"]
[Site "Barcelona ESP"]
[Date "2014.07.15"]
[Round "3.61"]
[White "Marabajan Navas, Saul"]
[Black "Martinez Torras, Pol"]
[Result "1-0"]
[WhiteElo "1723"]
[BlackElo "1849"]
[PlyCount "49"]
[EventDate "2014.07.13"]
[EventType "swiss"]
[EventRounds "9"]
[EventCountry "ESP"]
[Source "lmi"]
[SourceDate "2014.07.13"]

1. e4 c5 2. Nf3 d6 3. Nc3 e6 4. Bb5+ Nc6 5. d3 a6 6. Ba4 b5 7. Bb3 Nf6 8. O-O
Be7 9. Bf4 Qc7 10. Qd2 Bb7 11. Rae1 e5 12. Bg5 Na5 13. Bxf6 Bxf6 14. Nd5 Bxd5
15. Bxd5 Rc8 16. h3 g6 17. Re3 Bg7 18. Ng5 O-O 19. Rf3 Bh6 20. Qe2 Bxg5 21. Rg3
Bf4 22. Rg4 h5 23. Rxg6+ Kh7 24. Qxh5+ Bh6 25. Qxh6# 1-0

[Event "16. Obert Int. Sant Martí 2014 Grupo B"]
[Site "Barcelona ESP"]
[Date "2014.07.15"]
[Round "3.62"]
[White "Pico Garcia, Antonio"]
[Black "Jimenez Rimblas, Raul"]
[Result "1-0"]
[WhiteElo "1792"]
[BlackElo "1706"]
[PlyCount "59"]
[EventDate "2014.07.13"]
[EventType "swiss"]
[EventRounds "9"]
[EventCountry "ESP"]
[Source "lmi"]
[SourceDate "2014.07.13"]

1. e4 e5 2. Nf3 Nc6 3. Bc4 Bc5 4. b4 Bxb4 5. c3 Ba5 6. d4 exd4 7. O-O dxc3 8.
Qb3 Nf6 9. Bxf7+ Kf8 10. Ba3+ d6 11. e5 Ne4 12. e6 Qf6 13. Qc2 Bxe6 14. Bxe6
Qxe6 15. Re1 Kg8 16. Rxe4 Qg6 17. Qb3+ Qf7 18. Qc2 Re8 19. Rxe8+ Qxe8 20. Nxc3
Bxc3 21. Qxc3 h6 22. Bb2 Ne5 23. Nxe5 Qxe5 24. Qb3+ Kh7 25. Bxe5 dxe5 26. Qxb7
Rd8 27. Qe4+ Kh8 28. Qxe5 c6 29. Rb1 a6 30. Rb8 1-0

[Event "16. Obert Int. Sant Martí 2014 Grupo B"]
[Site "Barcelona ESP"]
[Date "2014.07.15"]
[Round "3.63"]
[White "Doménech López, Laura"]
[Black "Julian Solera, Laura"]
[Result "1/2-1/2"]
[WhiteElo "1721"]
[BlackElo "1781"]
[PlyCount "69"]
[EventDate "2014.07.13"]
[EventType "swiss"]
[EventRounds "9"]
[EventCountry "ESP"]
[Source "lmi"]
[SourceDate "2014.07.13"]

1. d4 d5 2. c4 e6 3. Nc3 c5 4. e3 Nc6 5. Nf3 Nf6 6. Bd3 Bd7 7. a3 Be7 8. O-O
O-O 9. b3 Rc8 10. Bb2 Re8 11. Re1 cxd4 12. exd4 Nb8 13. Ne5 Bd6 14. Nxd7 Nbxd7
15. Nb5 Bb8 16. a4 a6 17. Nc3 Qc7 18. g3 Nf8 19. Ba3 Ng6 20. Qf3 h5 21. Bxg6
fxg6 22. Re2 dxc4 23. bxc4 Qxc4 24. Ne4 Qxd4 25. Nxf6+ gxf6 26. Rae1 Rc6 27.
Bb2 Qd8 28. Qb3 Rb6 29. Qc2 Kg7 30. a5 Rc6 31. Qb3 Qc7 32. Rxe6 Rcxe6 33. Rxe6
Rxe6 34. Qxe6 Qf7 35. Qxf7+ 1/2-1/2

[Event "16. Obert Int. Sant Martí 2014 Grupo B"]
[Site "Barcelona ESP"]
[Date "2014.07.15"]
[Round "3.64"]
[White "Castaño Jimenez, Andreu"]
[Black "Avila Lopez, Joan"]
[Result "1-0"]
[WhiteElo "1779"]
[BlackElo "1704"]
[PlyCount "65"]
[EventDate "2014.07.13"]
[EventType "swiss"]
[EventRounds "9"]
[EventCountry "ESP"]
[Source "lmi"]
[SourceDate "2014.07.13"]

1. e4 e5 2. Nf3 Nc6 3. Bc4 Nf6 4. Ng5 Be7 5. Nxf7 d5 6. Nxd8 dxc4 7. Nc3 Nxd8
8. d3 Be6 9. O-O Nc6 10. Nb5 Bd6 11. Bg5 O-O 12. f4 a6 13. Nxd6 cxd6 14. dxc4
Rad8 15. Qd3 h6 16. Bh4 Nh5 17. Bxd8 Nxd8 18. fxe5 Nf4 19. Qxd6 Nf7 20. Qb4
Nxe5 21. Qxb7 Bxc4 22. Rxf4 Rxf4 23. Qb8+ Rf8 24. Qxe5 Bb5 25. Qd5+ Kh8 26. e5
Rf5 27. Qe4 Rg5 28. e6 Rc5 29. e7 Rc8 30. Rd1 Bc6 31. Rd8+ Rxd8 32. exd8=R+ Be8
33. Rxe8# 1-0

[Event "16. Obert Int. Sant Martí 2014 Grupo B"]
[Site "Barcelona ESP"]
[Date "2014.07.15"]
[Round "3.65"]
[White "Cervera Lopez, Miguel"]
[Black "Montoro Rueda, Raul"]
[Result "0-1"]
[WhiteElo "1700"]
[BlackElo "1775"]
[PlyCount "94"]
[EventDate "2014.07.13"]
[EventType "swiss"]
[EventRounds "9"]
[EventCountry "ESP"]
[Source "lmi"]
[SourceDate "2014.07.13"]

1. d4 d5 2. e3 Nf6 3. Nc3 e6 4. Bd2 c6 5. Nf3 Nbd7 6. Bd3 Be7 7. O-O a5 8. Ne5
Qc7 9. f4 g6 10. g4 Nxe5 11. fxe5 Nd7 12. e4 Bf8 13. Qf3 Nb6 14. b3 Bg7 15.
exd5 exd5 16. Rae1 Be6 17. Bg5 O-O 18. Bf6 Qd7 19. h3 Rab8 20. Rf2 Na8 21. Rh2
Nc7 22. g5 b5 23. Ree2 Qc8 24. Reg2 c5 25. Be7 cxd4 26. Bxf8 Bxe5 27. Bh6 Bxh2+
28. Kxh2 dxc3 29. Qf6 Ne8 30. Qd4 Rb7 31. a4 bxa4 32. Qxa4 Rb4 33. Qa3 Qc5 34.
Re2 Qd6+ 35. Kh1 Qg3 36. Bf5 Qf3+ 37. Rg2 Qxf5 38. Qxa5 Qxh3+ 39. Kg1 Qe3+ 40.
Rf2 Rg4+ 41. Kf1 Qc1+ 42. Ke2 Re4+ 43. Kf3 Bg4+ 44. Kg2 Qe3 45. Qxd5 Qh3+ 46.
Kg1 Re1+ 47. Rf1 Rxf1# 0-1

[Event "16. Obert Int. Sant Martí 2014 Grupo B"]
[Site "Barcelona ESP"]
[Date "2014.07.15"]
[Round "3.66"]
[White "Martimpé Burgués, Xavier"]
[Black "Guinjoan Fradera, Joan"]
[Result "1/2-1/2"]
[WhiteElo "1700"]
[BlackElo "1770"]
[PlyCount "160"]
[EventDate "2014.07.13"]
[EventType "swiss"]
[EventRounds "9"]
[EventCountry "ESP"]
[Source "lmi"]
[SourceDate "2014.07.13"]

1. e4 e6 2. d4 c5 3. Nf3 cxd4 4. Nxd4 Nc6 5. c3 Bc5 6. Be3 Qb6 7. b4 Bxd4 8.
Bxd4 Nxd4 9. Qxd4 Qxd4 10. cxd4 Nf6 11. Bd3 d5 12. e5 Nd7 13. Nc3 O-O 14. O-O
f5 15. exf6 Nxf6 16. Nb5 Bd7 17. Nd6 Rab8 18. Nb5 a6 19. Nc3 Rbc8 20. Ne2 Ne8
21. Rfe1 Nd6 22. Nf4 Rfe8 23. Rac1 Rxc1 24. Rxc1 Rc8 25. Re1 Re8 26. h3 b5 27.
Bc2 Nc4 28. Nd3 Bc8 29. Nf4 g6 30. Nxd5 Kf7 31. Nf4 e5 32. dxe5 Nxe5 33. Rc1
Rd8 34. Bb3+ Kf6 35. Nd5+ Kg7 36. Rc7+ Kh6 37. Rc5 Nd3 38. Rc3 Bf5 39. Ne3 Nxb4
40. a3 Rd3 41. Nd1 Rxc3 42. Nxc3 Nc6 43. Bd5 Nb8 44. Bb7 Kg5 45. f3 Bd7 46.
Ne4+ Kh5 47. Nf6+ Kh6 48. Nxd7 Nxd7 49. Bxa6 Nb6 50. Bxb5 Kg5 51. Kf2 Kf4 52.
g3+ Ke5 53. f4+ Kf6 54. Kf3 g5 55. g4 gxf4 56. a4 Ke5 57. a5 Na8 58. a6 Nc7 59.
a7 h6 60. Bc6 Kd6 61. Bb7 Ke5 62. a8=Q Nxa8 63. Bxa8 h5 64. gxh5 Kf5 65. Be4+
Kg5 66. Bd3 Kxh5 67. Kxf4 Kh4 68. Bf1 Kh5 69. Kg3 Kg5 70. h4+ Kh5 71. Be2+ Kh6
72. Kg4 Kg6 73. h5+ Kh6 74. Bd3 Kg7 75. Kg5 Kh8 76. Kg6 Kg8 77. h6 Kh8 78. Be4
Kg8 79. h7+ Kh8 80. Kg5 Kg7 1/2-1/2

[Event "16. Obert Int. Sant Martí 2014 Grupo B"]
[Site "Barcelona ESP"]
[Date "2014.07.15"]
[Round "3.67"]
[White "Pozanco Villalba, Victor"]
[Black "Farell Duran, Josep"]
[Result "0-1"]
[WhiteElo "1700"]
[BlackElo "1766"]
[PlyCount "74"]
[EventDate "2014.07.13"]
[EventType "swiss"]
[EventRounds "9"]
[EventCountry "ESP"]
[Source "lmi"]
[SourceDate "2014.07.13"]

1. d4 Nf6 2. e3 g6 3. Nf3 Bg7 4. c4 d6 5. h3 O-O 6. Nc3 b6 7. Bd3 Nbd7 8. e4
Bb7 9. Qc2 c5 10. d5 Re8 11. O-O Ne5 12. Nxe5 dxe5 13. Rd1 a6 14. Bg5 Qc7 15.
Bxf6 Bxf6 16. Be2 Rad8 17. Bg4 h5 18. Be2 Bc8 19. Rf1 Bg5 20. Qd1 h4 21. Qc2
Kg7 22. Rad1 Bd7 23. Qb3 f5 24. f3 Be3+ 25. Kh1 f4 26. Rd3 Rf8 27. Nd1 Bd4 28.
Nf2 b5 29. Qc2 bxc4 30. Ra3 a5 31. Bxc4 Rb8 32. b3 a4 33. Nd3 Qc8 34. bxa4 Bxh3
35. gxh3 Qxh3+ 36. Qh2 Qxf1+ 37. Qg1 Qxg1# 0-1

[Event "16. Obert Int. Sant Martí 2014 Grupo B"]
[Site "Barcelona ESP"]
[Date "2014.07.15"]
[Round "3.68"]
[White "Perez Ramirez, Placido"]
[Black "Calafell Marques, Josep"]
[Result "0-1"]
[WhiteElo "1800"]
[BlackElo "1950"]
[PlyCount "68"]
[EventDate "2014.07.13"]
[EventType "swiss"]
[EventRounds "9"]
[EventCountry "ESP"]
[Source "lmi"]
[SourceDate "2014.07.13"]

1. e4 c5 2. Nf3 d6 3. c3 Nf6 4. d3 Nc6 5. Be2 e6 6. O-O Be7 7. Re1 O-O 8. Nbd2
Qc7 9. Nb3 d5 10. exd5 Nxd5 11. g3 Rd8 12. d4 b6 13. c4 Ndb4 14. a3 Na6 15. Bf4
Bd6 16. Be3 cxd4 17. Nbxd4 Bc5 18. Qc2 Nxd4 19. Bxd4 Bxd4 20. Rad1 Bf6 21. Qe4
Bb7 22. Qc2 Rxd1 23. Rxd1 Nc5 24. Nd4 Be4 25. Qc1 Bxd4 26. Rxd4 Nb3 27. Qe3
Nxd4 28. Qxe4 Nxe2+ 29. Kf1 Nxg3+ 30. fxg3 Rd8 31. Ke2 Qd7 32. Qf4 Qd1+ 33. Ke3
Rd3+ 34. Ke4 Qe2+ 0-1

[Event "16. Obert Int. Sant Martí 2014 Grupo B"]
[Site "Barcelona ESP"]
[Date "2014.07.15"]
[Round "3.69"]
[White "Pascual Duran, Pau"]
[Black "Bernat Mor, Juli"]
[Result "1-0"]
[WhiteElo "1762"]
[BlackElo "1700"]
[PlyCount "59"]
[EventDate "2014.07.13"]
[EventType "swiss"]
[EventRounds "9"]
[EventCountry "ESP"]
[Source "lmi"]
[SourceDate "2014.07.13"]

1. e4 c6 2. d4 d5 3. e5 Bf5 4. Bd3 Bxd3 5. Qxd3 e6 6. Nf3 Bb4+ 7. c3 Ba5 8. O-O
Ne7 9. Nh4 Nd7 10. Nd2 Bb6 11. f4 Qc7 12. a4 a6 13. b4 O-O-O 14. Ba3 Ng6 15.
Qg3 f5 16. Nxg6 hxg6 17. Qxg6 Nf8 18. Qg3 Qf7 19. Nf3 Nd7 20. Ng5 Qg6 21. Qe3
Rdg8 22. b5 Bd8 23. Nf3 Rh5 24. bxa6 bxa6 25. Rab1 Rgh8 26. Qd3 Nb8 27. Bd6 Bc7
28. Rxb8+ Bxb8 29. Qxa6+ Kd7 30. Qb7+ 1-0

[Event "16. Obert Int. Sant Martí 2014 Grupo B"]
[Site "Barcelona ESP"]
[Date "2014.07.15"]
[Round "3.70"]
[White "Garcia Extremera, Manuel"]
[Black "Cassi De La Viuda, Àlex"]
[Result "0-1"]
[WhiteElo "1759"]
[BlackElo "1700"]
[PlyCount "92"]
[EventDate "2014.07.13"]
[EventType "swiss"]
[EventRounds "9"]
[EventCountry "ESP"]
[Source "lmi"]
[SourceDate "2014.07.13"]

1. d4 d5 2. c4 c6 3. Nf3 Nf6 4. Nc3 e6 5. Bg5 Nbd7 6. cxd5 cxd5 7. g3 Bb4 8.
Bg2 Bxc3+ 9. bxc3 h6 10. Bf4 O-O 11. O-O Ne4 12. Qc2 Re8 13. Nd2 f5 14. Nxe4
fxe4 15. f3 exf3 16. Bxf3 e5 17. Bxd5+ Kh8 18. dxe5 Nxe5 19. Rad1 Qb6+ 20. Kh1
Ng4 21. Rd4 Rf8 22. Bf3 Be6 23. Kg2 Rad8 24. e3 Rxd4 25. exd4 Rxf4 26. Bxg4
Rxg4 27. Rf8+ Bg8 28. h3 Rg6 29. d5 Qd6 30. Qf2 Qxd5+ 31. Kh2 Rd6 32. Re8 Rf6
33. Qe3 Qxa2+ 34. Qe2 Qxe2+ 35. Rxe2 Rc6 36. Re3 a5 37. g4 a4 38. Re7 Ra6 39.
Rxb7 a3 40. Rb1 a2 41. Ra1 Rb6 42. Rc1 Rb1 43. Rc2 a1=Q 44. c4 Rh1+ 45. Kg3
Qe5+ 46. Kh4 Rg1 0-1

[Event "16. Obert Int. Sant Martí 2014 Grupo B"]
[Site "Barcelona ESP"]
[Date "2014.07.15"]
[Round "3.71"]
[White "Ramos Fernández, Pilar"]
[Black "Mir Bellmunt, Jose"]
[Result "0-1"]
[WhiteElo "1700"]
[BlackElo "1758"]
[PlyCount "90"]
[EventDate "2014.07.13"]
[EventType "swiss"]
[EventRounds "9"]
[EventCountry "ESP"]
[Source "lmi"]
[SourceDate "2014.07.13"]

1. e4 d5 2. exd5 Qxd5 3. Nc3 Qd8 4. d4 Nf6 5. Nf3 Bg4 6. Be2 e6 7. O-O Nc6 8.
Be3 a6 9. Qd2 Bb4 10. h3 Bh5 11. a3 Ba5 12. b4 Bb6 13. Na4 Ba7 14. c3 O-O 15.
Bg5 Nb8 16. Rad1 Nbd7 17. Qf4 Qc8 18. Nc5 Bxc5 19. dxc5 Nd5 20. Qh4 Bg6 21. Bd3
Nxc3 22. Rd2 Bxd3 23. Rxd3 Nd5 24. Rd4 f6 25. Bd2 Ne7 26. Qe4 e5 27. Rc4 f5 28.
Qh4 Ng6 29. Qg5 Qe8 30. Re1 Qf7 31. Rc3 Rad8 32. Rd1 e4 33. Nd4 Nde5 34. Nxf5
Qxf5 35. Rc2 Qxg5 36. Bxg5 Rxd1+ 37. Kh2 Nd3 38. Be3 Rf1 39. Kg3 Ne7 40. Re2
Nf5+ 41. Kg4 Nxe3+ 42. Rxe3 Nxf2+ 43. Kh4 Nd1 44. Rxe4 R1f4+ 45. Kg3 Rxe4 0-1

[Event "16. Obert Int. Sant Martí 2014 Grupo B"]
[Site "Barcelona ESP"]
[Date "2014.07.15"]
[Round "3.72"]
[White "Castilla Casanova, Víctor"]
[Black "Cassi Gimeno, Jordi"]
[Result "0-1"]
[WhiteElo "1754"]
[BlackElo "1700"]
[PlyCount "113"]
[EventDate "2014.07.13"]
[EventType "swiss"]
[EventRounds "9"]
[EventCountry "ESP"]
[Source "lmi"]
[SourceDate "2014.07.13"]

1. e4 c5 2. Nf3 a6 3. Nc3 d6 4. a4 Bg4 5. h3 Bxf3 6. Qxf3 e5 7. Bc4 Nf6 8. O-O
Nbd7 9. d3 h6 10. Nd5 Rb8 11. Bd2 Nxd5 12. Bxd5 Nf6 13. Bc4 b5 14. Bb3 Qc7 15.
c4 b4 16. Qf5 a5 17. f4 Qd7 18. Qxd7+ Nxd7 19. fxe5 Nxe5 20. Bc2 Be7 21. Be3
O-O 22. d4 Nxc4 23. Bf4 cxd4 24. b3 Ne3 25. Bxe3 dxe3 26. Rfe1 Bg5 27. Rad1
Rfd8 28. Rd5 Ra8 29. g3 Rdc8 30. Bd3 Rc3 31. Bc4 Be7 32. Rd3 Rxd3 33. Bxd3 Rc8
34. Bc4 Rc5 35. Rxe3 Kf8 36. Kf2 f5 37. Rf3 g6 38. g4 Kg7 39. gxf5 gxf5 40.
exf5 Kf6 41. Kg3 Rxf5 42. Rxf5+ Kxf5 43. Kf3 h5 44. Kg3 h4+ 45. Kf3 Ke5 46. Ke3
d5 47. Bd3 Bg5+ 48. Kf3 Kd4 49. Ke2 Kc3 50. Bf5 Kxb3 51. Kd3 Bf6 52. Be6 Kxa4
53. Bxd5 Ka3 54. Kc2 a4 55. Be6 b3+ 56. Kb1 Kb4 57. Kc1 0-1

[Event "16. Obert Int. Sant Martí 2014 Grupo B"]
[Site "Barcelona ESP"]
[Date "2014.07.15"]
[Round "3.74"]
[White "Palomero Galvez, Antoni"]
[Black "Orts Gonzalez, Rafael"]
[Result "1/2-1/2"]
[WhiteElo "1750"]
[BlackElo "1700"]
[PlyCount "75"]
[EventDate "2014.07.13"]
[EventType "swiss"]
[EventRounds "9"]
[EventCountry "ESP"]
[Source "lmi"]
[SourceDate "2014.07.13"]

1. d4 g6 2. e4 Bg7 3. f4 d6 4. Nf3 e6 5. Bc4 d5 6. exd5 exd5 7. Qe2+ Be6 8. Bd3
Ne7 9. O-O O-O 10. c3 Nd7 11. Ng5 Kh8 12. Nxe6 fxe6 13. Qxe6 Re8 14. Qh3 c5 15.
dxc5 Nxc5 16. Bc2 Qb6 17. Kh1 Ne4 18. Bxe4 dxe4 19. Na3 Rac8 20. Nc2 Nf5 21. g4
Nd6 22. Ne3 Nc4 23. f5 Red8 24. fxg6 Qxg6 25. Nf5 Rd3 26. Qg2 Re8 27. Nxg7 Kxg7
28. b3 Nd6 29. Bb2 Nf7 30. Rad1 e3 31. c4+ Kg8 32. Rxd3 Qxd3 33. Qf3 Qe4 34.
Qxe4 Rxe4 35. h3 e2 36. Re1 Ng5 37. Kg2 Re3 38. Bc1 1/2-1/2

[Event "16. Obert Int. Sant Martí 2014 Grupo B"]
[Site "Barcelona ESP"]
[Date "2014.07.15"]
[Round "3.75"]
[White "Tordera Jumilla, Joaquim"]
[Black "Bienvenido Kleque, Jose"]
[Result "0-1"]
[WhiteElo "1700"]
[BlackElo "1737"]
[PlyCount "78"]
[EventDate "2014.07.13"]
[EventType "swiss"]
[EventRounds "9"]
[EventCountry "ESP"]
[Source "lmi"]
[SourceDate "2014.07.13"]

1. d4 d5 2. Nc3 c6 3. Nf3 Nf6 4. Bg5 e6 5. e4 dxe4 6. Nxe4 Be7 7. Bxf6 Bxf6 8.
Bd3 Bxd4 9. c3 Bf6 10. O-O Qe7 11. h3 Nd7 12. Qe2 O-O 13. Rad1 b6 14. a4 Bb7
15. Nxf6+ Nxf6 16. Be4 Rfd8 17. Ng5 Nxe4 18. Qxe4 Qxg5 19. h4 Qf6 20. Qf3 Qxh4
21. g3 Qg5 22. Rfe1 Qh6 23. Re5 Rd5 24. Re4 c5 25. Rh4 Qg6 26. Rg4 Qh5 27. Kg2
Qf5 28. Rh1 Qxf3+ 29. Kxf3 Rd1+ 30. Ke2 Rxh1 31. b4 Rd8 32. bxc5 bxc5 33. Ke3
Re1+ 34. Kf4 Re4+ 35. Kg5 Re5+ 36. Kf4 Re4+ 37. Kg5 Rxg4+ 38. Kxg4 Rd3 39. f4
Rxc3 0-1

[Event "16. Obert Int. Sant Martí 2014 Grupo B"]
[Site "Barcelona ESP"]
[Date "2014.07.15"]
[Round "3.76"]
[White "Bes Alvarez, Alex"]
[Black "Trabado Nieto, David"]
[Result "1-0"]
[WhiteElo "1734"]
[BlackElo "1700"]
[PlyCount "23"]
[EventDate "2014.07.13"]
[EventType "swiss"]
[EventRounds "9"]
[EventCountry "ESP"]
[Source "lmi"]
[SourceDate "2014.07.13"]

1. d4 d5 2. Nf3 c5 3. dxc5 Nc6 4. e3 e5 5. Bb5 Bd7 6. O-O Bxc5 7. Bxc6 Bxc6 8.
Nxe5 Bb5 9. Re1 Bb4 10. c3 Bd6 11. Qxd5 Nf6 12. Qxf7# 1-0

[Event "16. Obert Int. Sant Martí 2014 Grupo B"]
[Site "Barcelona ESP"]
[Date "2014.07.15"]
[Round "3.77"]
[White "Zia, Tahsin Tajwar"]
[Black "Ferrer Ache, Jesus"]
[Result "1-0"]
[WhiteElo "1258"]
[BlackElo "1728"]
[PlyCount "82"]
[EventDate "2014.07.13"]
[EventType "swiss"]
[EventRounds "9"]
[EventCountry "ESP"]
[Source "lmi"]
[SourceDate "2014.07.13"]

1. d4 d5 2. e3 a6 3. Bd3 Nf6 4. f4 Bg4 5. Nf3 h6 6. Nbd2 e6 7. c3 c6 8. Qc2 Qc8
9. h3 Bxf3 10. Nxf3 c5 11. Ne5 Ne4 12. Bxe4 dxe4 13. Qxe4 cxd4 14. exd4 Be7 15.
O-O Nc6 16. Qf3 Bf6 17. Nc4 Qc7 18. f5 b5 19. Ne3 Rd8 20. fxe6 fxe6 21. Qe4 Qd7
22. Ng4 Ke7 23. Qg6 Rdf8 24. Nxf6 gxf6 25. Bxh6 Rhg8 26. Qh7+ Kd8 27. Qxd7+
Kxd7 28. Bxf8 f5 29. Bh6 Ne7 30. a4 b4 31. cxb4 Rb8 32. Bg5 Nd5 33. h4 Nxb4 34.
Bf4 Rh8 35. g3 Nd5 36. Be5 Rg8 37. Rab1 Ne3 38. Rfc1 Ng4 39. Rc7+ Kd8 40. Ra7
Nxe5 41. Ra8+ Kd7 1-0

[Event "16. Obert Int. Sant Martí 2014 Grupo B"]
[Site "Barcelona ESP"]
[Date "2014.07.16"]
[Round "4.1"]
[White "Bernat Mor, Juli"]
[Black "Hinarejos Montano, Andres"]
[Result "0-1"]
[WhiteElo "1700"]
[BlackElo "1837"]
[PlyCount "120"]
[EventDate "2014.07.13"]
[EventType "swiss"]
[EventRounds "9"]
[EventCountry "ESP"]
[Source "lmi"]
[SourceDate "2014.07.13"]

1. e4 e5 2. Nf3 d6 3. d4 exd4 4. Nxd4 Be7 5. Bd3 Nf6 6. O-O O-O 7. Nc3 c6 8.
Qf3 Nbd7 9. Nf5 Ne5 10. Qg3 Bxf5 11. exf5 Kh8 12. Be2 Rg8 13. h3 Qd7 14. f4
Qxf5 15. fxe5 Qxe5 16. Bf4 Qe6 17. Bd3 Qd7 18. Rae1 h6 19. Re3 d5 20. Rfe1 Bc5
21. Bxh6 Nh7 22. Kh1 gxh6 23. Qe5+ Rg7 24. R3e2 Bd6 25. Qe3 Rg5 26. Bxh7 Kxh7
27. Qd3+ Rg6 28. Nd1 Rag8 29. Qf3 f6 30. Ne3 Be5 31. Ng4 Rxg4 32. hxg4 Rxg4 33.
Qh3 Qg7 34. Qd3+ Kh8 35. Qa3 Rh4+ 36. Kg1 Bd4+ 37. Re3 b6 38. Qa6 Rg4 39. Qc8+
Qg8 40. Qf5 Rxg2+ 41. Kf1 Rg1+ 42. Ke2 Rxe1+ 43. Kxe1 Qg1+ 44. Ke2 Qxe3+ 45.
Kd1 Qg1+ 46. Ke2 Qf2+ 47. Qxf2 Bxf2 48. Kxf2 Kg7 49. Kg3 Kg6 50. c3 Kg5 51. b4
h5 52. a4 h4+ 53. Kh3 f5 54. Kg2 Kg4 55. Kh2 f4 56. Kg2 h3+ 57. Kh2 f3 58. b5
c5 59. a5 d4 60. axb6 axb6 0-1

[Event "16. Obert Int. Sant Martí 2014 Grupo B"]
[Site "Barcelona ESP"]
[Date "2014.07.16"]
[Round "4.2"]
[White "Molina Hernandez, Albert"]
[Black "Cervello Tost, Roger"]
[Result "1/2-1/2"]
[WhiteElo "2004"]
[BlackElo "2084"]
[PlyCount "135"]
[EventDate "2014.07.13"]
[EventType "swiss"]
[EventRounds "9"]
[EventCountry "ESP"]
[Source "lmi"]
[SourceDate "2014.07.13"]

1. e4 e5 2. d4 exd4 3. c3 d5 4. Qxd4 dxe4 5. Qxe4+ Qe7 6. Qxe7+ Bxe7 7. Bf4 c6
8. Nf3 Nf6 9. Nbd2 Nbd7 10. Bd3 Nb6 11. Bc2 Be6 12. O-O-O O-O 13. Rhe1 Bc5 14.
Re2 Rfe8 15. Rde1 Bxa2 16. Bb3 Bxb3 17. Nxb3 Nbd7 18. Na5 Rxe2 19. Rxe2 Re8 20.
Rd2 Nd5 21. Bg3 N7f6 22. Nxb7 Ne4 23. Nxc5 Nxc5 24. Kc2 Ne4 25. Re2 Ndf6 26.
Nd4 c5 27. Nc6 a6 28. f3 Nxg3 29. Rxe8+ Nxe8 30. hxg3 Nd6 31. Kd3 Kf8 32. Nb8
c4+ 33. Kd4 a5 34. Kd5 Nf5 35. Kxc4 Ne3+ 36. Kd3 Nf5 37. g4 Nh4 38. b3 Nxg2 39.
Nc6 Nf4+ 40. Kc4 g6 41. Kb5 h5 42. gxh5 gxh5 43. Nd4 h4 44. Nf5 h3 45. Ng3 h2
46. Kxa5 Ne2 47. Nh1 Nxc3 48. Kb4 Na2+ 49. Kc4 Kg7 50. Ng3 Kg6 51. f4 Nc1 52.
b4 Ne2 53. Nh1 Nxf4 54. b5 Ne6 55. b6 Nd8 56. Kd3 Kf5 57. Ke3 Ke5 58. Kf3 Kd6
59. Kg2 Kc6 60. Kxh2 Kxb6 61. Kg3 Kc5 62. Kf4 Kd6 63. Kf5 Ke7 64. Ng3 Ne6 65.
Ne4 Ng7+ 66. Ke5 Nh5 67. Kf5 f6 68. Nxf6 1/2-1/2

[Event "16. Obert Int. Sant Martí 2014 Grupo B"]
[Site "Barcelona ESP"]
[Date "2014.07.16"]
[Round "4.3"]
[White "Torras Chicon, Adria"]
[Black "Cardenas, Fernando Adrian"]
[Result "0-1"]
[WhiteElo "1996"]
[BlackElo "2060"]
[PlyCount "96"]
[EventDate "2014.07.13"]
[EventType "swiss"]
[EventRounds "9"]
[EventCountry "ESP"]
[Source "lmi"]
[SourceDate "2014.07.13"]

1. e4 c5 2. Nf3 Nc6 3. Bb5 g6 4. O-O Bg7 5. c3 Nf6 6. Re1 O-O 7. d4 Qb6 8. Na3
cxd4 9. cxd4 d5 10. e5 Ne4 11. h3 f6 12. exf6 exf6 13. Be3 Be6 14. Rc1 Rac8 15.
Bxc6 Rxc6 16. Rxc6 Qxc6 17. Qb3 Re8 18. Rc1 Qd7 19. Qb5 Rc8 20. Rc2 Rxc2 21.
Qxd7 Rc1+ 22. Bxc1 Bxd7 23. Nc2 g5 24. Nb4 Be6 25. Nd3 Bf8 26. Nd2 Kf7 27. f3
Ng3 28. Kf2 Nf5 29. Nb3 b6 30. Bd2 a5 31. Bc3 Bd7 32. Ne1 Bd6 33. Nc1 Bg3+ 34.
Ke2 Bb5+ 35. Kd2 Bf4+ 36. Kc2 Ne3+ 37. Kb1 Bf1 38. Ncd3 Bg3 39. b4 Nxg2 40.
bxa5 Nxe1 41. Nxe1 bxa5 42. Bxa5 Bxh3 43. a4 Bd7 44. Nc2 Bxa4 45. Ne3 Ke6 46.
Kb2 Bf2 47. Bd2 h5 48. Kc3 Bb5 0-1

[Event "16. Obert Int. Sant Martí 2014 Grupo B"]
[Site "Barcelona ESP"]
[Date "2014.07.16"]
[Round "4.4"]
[White "Fabregas Fontanet, Antoni"]
[Black "Vargas Drechsler, Carlos"]
[Result "1-0"]
[WhiteElo "2051"]
[BlackElo "1958"]
[PlyCount "53"]
[EventDate "2014.07.13"]
[EventType "swiss"]
[EventRounds "9"]
[EventCountry "ESP"]
[Source "lmi"]
[SourceDate "2014.07.13"]

1. e4 d6 2. d4 Nf6 3. Nc3 g6 4. Bc4 Bg7 5. Qe2 O-O 6. e5 Ne8 7. Bf4 c6 8. O-O-O
b5 9. Bb3 a5 10. a4 b4 11. Ne4 Ba6 12. Qe3 d5 13. Ng5 h6 14. N5f3 Kh7 15. h4 f6
16. Nh3 Nd7 17. h5 g5 18. Bxg5 fxg5 19. Nhxg5+ hxg5 20. Nxg5+ Kg8 21. h6 Rf5
22. Ne6 Qc8 23. hxg7 Nxg7 24. Qh6 Nxe6 25. Qxe6+ Rf7 26. Rh8+ Kxh8 27. Qxf7 1-0

[Event "16. Obert Int. Sant Martí 2014 Grupo B"]
[Site "Barcelona ESP"]
[Date "2014.07.16"]
[Round "4.5"]
[White "Castellet Menchon, Didac"]
[Black "Flores Mendoza, Jose Antonio"]
[Result "0-1"]
[WhiteElo "2080"]
[BlackElo "1905"]
[PlyCount "94"]
[EventDate "2014.07.13"]
[EventType "swiss"]
[EventRounds "9"]
[EventCountry "ESP"]
[Source "lmi"]
[SourceDate "2014.07.13"]

1. e4 e6 2. d3 d5 3. Nd2 Nf6 4. g3 b6 5. Bg2 Be7 6. e5 Nfd7 7. Ngf3 c5 8. O-O
Nc6 9. Re1 Qc7 10. Qe2 Ba6 11. c3 g5 12. h3 h5 13. g4 hxg4 14. hxg4 O-O-O 15.
a3 Rh7 16. b4 Rdh8 17. c4 dxc4 18. dxc4 Nd4 19. Nxd4 cxd4 20. Bb2 f6 21. Bxd4
fxe5 22. Bxe5 Nxe5 23. Qxe5 Qxe5 24. Rxe5 Bf6 25. Rae1 Bxe5 26. Rxe5 Rd7 27.
Re2 Rhd8 28. Nf3 Rd1+ 29. Kh2 Bxc4 30. Rc2 b5 31. a4 a6 32. axb5 axb5 33. Nxg5
R8d2 34. Rxd2 Rxd2 35. Kg3 Rb2 36. Ne4 Rxb4 37. g5 Kd8 38. g6 Ke7 39. Ng5 Kf6
40. f4 Kxg6 41. Be4+ Kf6 42. Kg4 Be2+ 43. Kg3 Rb3+ 44. Kf2 Bd3 45. Bc6 b4 46.
Bd7 Bf5 47. Nf3 Rxf3+ 0-1